European Airports By Code - Statistics

General Stats
  • This quiz has been taken 163 times
  • The average score is 16 of 40
Answer Stats
Code City Country % Correct
MAD Madrid Spain
99%
AMS Amsterdam Netherlands
98%
BER Berlin Germany
98%
OSL Oslo Norway
94%
NCE Nice France
93%
LHR London United Kingdom
92%
BUD Budapest Hungary
91%
MUC Munich Germany
89%
CDG Paris France
89%
KRK Kraków Poland
68%
BHX Birmingham United Kingdom
57%
TIA Tirana Albania
56%
BEG Belgrade Serbia
49%
OPO Porto Portugal
49%
CIA Rome Italy
48%
SJJ Sarajevo Bosnia and Herzegovina
43%
AGP Málaga Spain
41%
DTM Dortmund Germany
38%
LPL Liverpool United Kingdom
34%
STR Stuttgart Germany
34%
HAJ Hannover Germany
33%
NCL Newcastle United Kingdom
31%
KBP Kyiv Ukraine
30%
DIJ Dijon France
25%
ZAZ Zaragoza Spain
25%
PDV Plovdiv Bulgaria
20%
SKG Thessaloniki Greece
20%
MMX Malmö Sweden
16%
AOI Ancona Italy
5%
VTB Vitebsk Belarus
4%
GSE Gothenburg Sweden
2%
QTJ Chartres France
1%
QIE Istres France
1%
KDL Kärdla Estonia
1%
TEQ Tekirdağ Turkey
1%
UDJ Uzhhorod Ukraine
1%
BZY Bălți Moldova
0%
HOH Dornbirn Austria
0%
PZY Piešťany Slovakia
0%
UPV Upavon United Kingdom
0%
No matching quizzes found
Score Distribution
Percent of People with Each Score
Percentile by Number Answered
Your Score History
You have not taken this quiz